000 00834cam a22002531 4500
001 8754256
003 ARRUPE
005 20160126113719.0
008 790521s1931 enkafc 001 0 eng
010 _a 32023696
035 _a(OCoLC)4986242
040 _aDLC
_cGEU
_dGEU
_dDLC
042 _apremarc
050 0 0 _aSPC DT779.8.H3
_bA4
082 _a923.568
100 1 _aHarris, David,
_cSir,
_d1852-
_921799
245 1 0 _aPioneer, soldier and politician,
_bsummarised memoirs of Colonel Sir David Harris
_cwith a foreword by General Rt. Hon. J. C. Smuts.
260 _aLondon,
_bS. Low, Marston & Co., ltd.
_c[1931]
300 _axiv, 306 p.
_bfront., plates, ports.
600 _aHarries, David
_921800
651 0 _aSouth Africa
_xHistory.
_921801
906 _a7
_bcbc
_coclcrpl
_du
_encip
_f19
_gy-gencatlg
942 _2lcc
_cSPC
999 _c124037
_d124037